Longest-Running U.S. Sitcoms - Statistics

General Stats
  • This quiz has been taken 73,008 times
    24,665 since last reset
  • The average score is 16 of 72
Answer Stats
# Years Sitcom % Correct
236 1994–2004 Friends
87%
787 1989– The Simpsons
80%
436 1999– Family Guy
65%
180 1989–1998 Seinfeld
62%
279 2007–2019 The Big Bang Theory
54%
275 1982–1993 Cheers
51%
208 2005–2014 How I Met Your Mother
47%
201 2005–2013 The Office
45%
388 2005– American Dad!
40%
264 1994–2005 Frasier
40%
180 1951–1957 I Love Lucy
40%
250 2009–2020 Modern Family
40%
256 1972–1983 M*A*S*H
39%
192 1987–1995 Full House
34%
255 1974–1984 Happy Days
30%
205 1971–1979 All in the Family
29%
201 1984–1992 The Cosby Show
29%
180 1985–1992 The Golden Girls
29%
262 2003–2015 Two and a Half Men
27%
210 1996–2005 Everybody Loves Raymond
26%
231 1988–1997 2018 Roseanne
26%
215 1989–1998 Family Matters
23%
259 1987–1997 Married... with Children
23%
168 1960–1966 The Flintstones
22%
253 1975–1985 The Jeffersons
22%
168 1970–1977 The Mary Tyler Moore Show
22%
176 1982–1989 Family Ties
21%
259 1997–2009 King of the Hill
21%
200 1998–2006 That 70's Show
21%
246 1998–2006 2017–2020 Will & Grace
21%
286 2011– Bob's Burgers
20%
249 1960–1968 Andy Griffith Show
19%
204 1991–1999 Home Improvement
19%
234 1957–1963 Leave it to Beaver
19%
207 1998–2007 The King of Queens
19%
254 1964–1972 Bewitched
18%
182 2001–2010 Scrubs
18%
172 1977–1984 Three's Company
17%
189 1978–1986 Diff'rent Strokes
15%
178 1976–1983 Laverne & Shirley
15%
274 1962–1971 The Beverly Hillbillies
14%
166 1985–1992 Growing Pains
12%
260 1988–1998 2018 Murphy Brown
12%
380 1960–1972 My Three Sons
11%
201 1979–1988 The Facts of Life
11%
196 1984–1992 Who's the Boss
11%
170 1965–1971 Green Acres
10%
176 1992–1999 Mad About You
10%
184 1982–1990 Newhart
10%
193 1984–1992 Night Court
9%
435 1952–1966 Ozzie and Harriet
9%
202 1976–1985 Alice
8%
203 1954–1962 Father Knows Best
8%
168 1965–1971 Hogan's Heroes
8%
170 2013–2021 Mom
8%
209 1975–1984 One Day at a Time
8%
163 1996–2003 Sabrina, the Teenage Witch
8%
160 1991–1998 Step by Step
8%
229 2013–2023 The Goldbergs
8%
172 1990–1997 Wings
8%
170 1975–1982 Barney Miller
7%
200 1989–1997 Coach
7%
163 1986–1993 Designing Women
7%
194 2011–2021 Last Man Standing
7%
222 1963–1970 Petticoat Junction
7%
170 1988–1995 Empty Nest
6%
343 1953–1964 The Danny Thomas Show
6%
275 1956–1966 The Donna Reed Show
6%
233 1995–2004 The Drew Carey Show
6%
182 2001–2009 According to Jim
5%
172 2000–2008 Girlfriends
3%
173 1955–1959 The Bob Cummings Show
3%
No matching quizzes found
Score Distribution
Percent of People with Each Score
Percentile by Number Answered
Your Score History
You have not taken this quiz since the last reset